Odstupné a odchodné

Podmienky, za ktorých zamestnávateľ môže alebo kedy je povinný poskytnúť zamestnancovi odstupné a odchodné a ich výšku, upravujú viaceré zákony. Základné podmienky upravuje zákonník práce. Podmienky, za ktorých zamestnávateľ poskytne zamestnancovi v prípade ukončenia pracovného pomeru odstupné. Podm...

Ausführliche Beschreibung

Gespeichert in:
Bibliographische Detailangaben
1. Verfasser: Szabová, Jarmila
Format: Buchkapitel
Sprache:Slowakisch
Schlagworte:
Tags: Tag hinzufügen
Keine Tags, Fügen Sie das erste Tag hinzu!

MARC

LEADER 00000naa a2200000 4500
001 0265196
005 20200703085518.9
041 0 |a slo 
044 |a SK 
245 1 0 |a Odstupné a odchodné  |c Jarmila Szabová 
520 |a Podmienky, za ktorých zamestnávateľ môže alebo kedy je povinný poskytnúť zamestnancovi odstupné a odchodné a ich výšku, upravujú viaceré zákony. Základné podmienky upravuje zákonník práce. Podmienky, za ktorých zamestnávateľ poskytne zamestnancovi v prípade ukončenia pracovného pomeru odstupné. Podmienky, za ktorých zamestnávateľ poskytne zamestnancovi pri odchode do starobného alebo invalidného dôchodku odchodné. 
610 2 0 |a zamestnávatelia 
610 2 0 |a zamestnanci 
610 2 0 |a skončenie pomeru pracovného 
610 2 0 |a dôchodky starobné 
610 2 0 |a dôchodky invalidné 
610 2 0 |a odstupné 
610 2 0 |a legislatíva 
100 1 |a Szabová, Jarmila